20 самых населенных городов России в 2021 году - Statistics

General Stats
  • This quiz has been taken 8 182 times
  • The average score is 11 of 20
Answer Stats
Численность населения на 2021 год Город % Correct
12 655 050 Москва
100%
5 384 342 Санкт-Петербург
99%
1 620 162 Новосибирск
73%
1 495 066 Екатеринбург
73%
1 257 341 Казань
73%
948 827 Краснодар
73%
1 137 704 Ростов-на-Дону
61%
1 244 254 Нижний Новгород
58%
1 144 759 Самара
57%
1 139 897 Омск
57%
1 092 851 Красноярск
55%
1 004 763 Волгоград
54%
1 125 933 Уфа
51%
1 050 602 Воронеж
50%
1 187 960 Челябинск
49%
830 155 Саратов
45%
1 049 199 Пермь
43%
816 700 Тюмень
34%
693 072 Тольятти
18%
646 468 Ижевск
17%
No matching quizzes found
Score Distribution
Percent of People with Each Score
Percentile by Number Answered
Your Score History
You have not taken this quiz